New chipmunk from Korea (Registro nro. 11559)

Detalles MARC
000 -CABECERA
Campo de control 005150000a22001810004500
090 ## - CLASIFICACIÓN LOCAL
Colección AR
Consecutivo 02492
041 0# - IDIOMA
Código de idioma para texto/pista de sonido o título separado
100 1# - ASIENTO PRINCIPAL--NOMBRE PERSONAL
Nombre personal Johnson, David
245 10 - MENCION DE TITULO
Título New chipmunk from Korea
650 14 - ASIENTO SECUNDARIO DE MATERIA - TERMINO TEMATICO
Término temático o nombre geográfico como elemento de entrada Mamíferos
650 14 - ASIENTO SECUNDARIO DE MATERIA - TERMINO TEMATICO
Término temático o nombre geográfico como elemento de entrada Ardillas
650 14 - ASIENTO SECUNDARIO DE MATERIA - TERMINO TEMATICO
Término temático o nombre geográfico como elemento de entrada Nuevas especies
651 #4 - ASIENTO SECUNDARIO DE MATERIA - NOMBRE GEOGRAFICO
-- Corea
653 ## - TERMINO DE INDIZACION - NO CONTROLADO
-- Eutamias
-- Eutamias sibiricus
700 1# - ASIENTO SECUNDARIO - NOMBRE PERSONAL
Nombre personal Jones, J. Knox
773 1# - Item fuente:
Título Proceedings of the Biological Society of Washington
Especificación de materiales 41
Paginas del Articulo 175-176
Lugar, editorial y fecha de publicación 1955
Información sobre la relación 68
942 ## - ELEMENTOS ADICIONALES (KOHA)
Tipo de ítem Artículo
Existencias
Withdrawn status Lost status Damaged status No para préstamo Colección Ubicación Permanente Ubicación actual Fecha de adquisición Datos de publicación Seriada Total Checkouts Número topográfico Inventario / Código de Barras Date last seen Ejemplar Price effective from Forma de adquisición Tipo de material
      No para Préstamo Hemeroteca Bogotá Bogotá 27/02/2015 Fuera de circulación   AR 02492 012905 25/03/2015 1 25/03/2015   Artículo